=LDR 00000nam 2200000 4500 =001 INLIS000000000008383 =005 20200728104105 =035 ##$$a 0010-061300000008383 =008 200728################g##########0#ind## =041 ##$$a Ind =082 ##$$a 2x4 =090 ##$$a 2x4, Mau k =100 ##$$a Maududi, Abul A'la =245 1#$$a Kejamkah hukum islam /$c Abul A'la Almaududi =260 ##$$a Jakarta :$b Buku Andalan,$c 1991 =300 ##$$a 256 hlm. ; $c 17 x 12 cm. =650 #4$$a Hukum Islam =084 ##$$a 2x4 MAU k =250 ##$$a Cet. 1 =990 ##$$a DW00029972 =990 ##$$a 00055581 =990 ##$$a 68.387/pro-94 =990 ##$$a 94.731/pro-96 =990 ##$$a 94.732/Pro-96 =990 ##$$a 26922692 =990 ##$$a 113..221/pro-97 =990 ##$$a DW00029972 =990 ##$$a 00055581 =990 ##$$a 68.387/pro-94 =990 ##$$a 94.731/pro-96 =990 ##$$a 94.732/Pro-96